Luật hình sự quốc tế với việc đảm bảo quyền con người

Tập hợp các kiến thức về Luật Hình sự Quốc tế và vai trò của Luật Hình sự trong việc bảo đảm quyền con người như một công cụ bảo đảm quyền con người; các vấn đề tội phạm quốc tế và những tội ác vi phạm nghiêm trọng quyền con ngu...

Ausführliche Beschreibung

Gespeichert in:
Bibliographische Detailangaben
1. Verfasser: Nguyễn Thị Phương Hoa
Format: Buch
Sprache:Vietnamese
Veröffentlicht: Tp. Hồ Chí Minh Nxb. Đại học Quốc gia Tp. Hồ Chí Minh 2014
Schlagworte:
Tags: Tag hinzufügen
Keine Tags, Fügen Sie den ersten Tag hinzu!
Thư viện lưu trữ: Thư viện Trường Đại học Nam Cần Thơ
LEADER 02507aam a22002898a 4500
001 NCT_11175
008 140226s2014 ||||||viesd
999 |c 535  |d 535 
020 |a 9786047315000  |c 60000 
082 0 4 |2 23rd ed.  |a 341  |b H401 
100 1 |a Nguyễn Thị Phương Hoa 
245 1 0 |a Luật hình sự quốc tế với việc đảm bảo quyền con người  |c Nguyễn Thị Phương Hoa 
260 |a Tp. Hồ Chí Minh  |b Nxb. Đại học Quốc gia Tp. Hồ Chí Minh  |c 2014 
300 |a 283tr.  |b bảng  |c 21cm 
520 3 |a Tập hợp các kiến thức về Luật Hình sự Quốc tế và vai trò của Luật Hình sự trong việc bảo đảm quyền con người như một công cụ bảo đảm quyền con người; các vấn đề tội phạm quốc tế và những tội ác vi phạm nghiêm trọng quyền con người; tội phạm có tính chất quốc tế... 
653 |a Luật học 
942 |2 ddc  |c BK 
952 |0 0  |1 0  |2 ddc  |4 0  |6 341_000000000000000_H401  |7 0  |9 3864  |a 000001  |b 000001  |d 2017-11-20  |o 341 H401  |p MD.02341  |r 2017-11-20  |v 60000.00  |w 2017-11-20  |y BK 
952 |0 0  |1 0  |2 ddc  |4 0  |6 341_000000000000000_H401  |7 0  |9 3865  |a 000001  |b 000001  |d 2017-11-20  |o 341 H401  |p MD.02342  |r 2017-11-20  |v 60000.00  |w 2017-11-20  |y BK 
952 |0 0  |1 0  |2 ddc  |4 0  |6 341_000000000000000_H401  |7 0  |9 3866  |a 000001  |b 000001  |d 2017-11-20  |o 341 H401  |p MD.02343  |r 2017-11-20  |v 60000.00  |w 2017-11-20  |y BK 
952 |0 0  |1 0  |2 ddc  |4 0  |6 341_000000000000000_H401  |7 0  |9 3867  |a 000001  |b 000001  |d 2017-11-20  |o 341 H401  |p MD.02344  |r 2017-11-20  |v 60000.00  |w 2017-11-20  |y BK 
952 |0 0  |1 0  |2 ddc  |4 0  |6 341_000000000000000_H401  |7 0  |9 3868  |a 000001  |b 000001  |d 2017-11-20  |o 341 H401  |p MD.02345  |r 2017-11-20  |v 60000.00  |w 2017-11-20  |y BK 
952 |0 0  |1 0  |2 ddc  |4 0  |6 341_000000000000000_H401  |7 0  |9 3869  |a 000001  |b 000001  |d 2017-11-20  |l 1  |o 341 H401  |p MD.02291  |r 2018-11-07  |s 2018-10-31  |v 60000.00  |w 2017-11-20  |y BK 
952 |0 0  |1 0  |2 ddc  |4 0  |6 341_000000000000000_H401  |7 0  |9 3870  |a 000001  |b 000001  |d 2017-11-20  |o 341 H401  |p MD.02292  |r 2018-10-31  |v 60000.00  |w 2017-11-20  |y BK 
952 |0 0  |1 0  |2 ddc  |4 0  |6 341_000000000000000_H401  |7 0  |9 3871  |a 000001  |b 000001  |d 2017-11-20  |l 1  |o 341 H401  |p MD.02294  |r 2019-09-12  |s 2019-09-12  |v 60000.00  |w 2017-11-20  |y BK 
952 |0 0  |1 0  |2 ddc  |4 0  |6 341_000000000000000_H401  |7 0  |9 3872  |a 000001  |b 000001  |d 2017-11-20  |l 1  |o 341 H401  |p MD.02295  |r 2019-05-27  |s 2019-05-22  |v 60000.00  |w 2017-11-20  |y BK 
980 |a Thư viện Trường Đại học Nam Cần Thơ